Les Documents graphiques et photographiques : analyse et conservation : travaux du centre de recherches sur la conservation des documents graphiques 1988-1990 analyse et conservation :
Descripción Física:
219 p. : il. ; 23'5 cm
Materias:
Fotografies -- Conservació i restauració
MARC
| LEADER | 00000nam a2200000Ia 4500 | ||
|---|---|---|---|
| 001 | 9796 | ||
| 008 | 160829s1991 xx 000 0 cat d | ||
| 080 | |a A-1-263 | ||
| 245 | |a Les Documents graphiques et photographiques : |b analyse et conservation : |b travaux du centre de recherches sur la conservation des documents graphiques 1988-1990 | ||
| 260 | |a Paris : |b Archives Nationales, |c 1991 | ||
| 300 | |a 219 p. : |b il. ; |c 23'5 cm | ||
| 590 | |a Abans del títol, Direction des Archives de France. | ||
| 650 | |a Fotografies |x Conservació i restauració |9 21097 | ||
| 901 | |a Arxiu | ||
| 942 | |n 1 | ||
| 952 | |0 0 |1 0 |4 0 |6 A1263 |7 1 |9 47675 |a Arxiu |b Arxiu |d 2016-12-01 |l 0 |o A-1-263 |p 9796 |r 2016-12-01 00:00:00 |w 2016-12-01 |y ARXIU | ||
| 999 | |c 51474 |d 51474 | ||